| 000 | nam a22 7a 4500 | ||
|---|---|---|---|
| 999 |
_c28706 _d28706 |
||
| 008 | 170315b xxu||||| |||| 00| 0 eng d | ||
| 020 | _a9780073397542 | ||
| 020 | _a0073397547 | ||
| 050 | _aGN 325 .A54 2008 | ||
| 245 |
_aAnthropology 08/09 _cedited by Elvio Angeloni |
||
| 250 | _aAnnual editions | ||
| 260 |
_aBoston : _bMcGrawHill, _c2008. |
||
| 300 |
_axviii, 221p. : _bill. ; _c28 cm |
||
| 650 | _aAnthropology | ||
| 942 |
_2lcc _cBOOKS _hGN 325 .A54 2008 |
||